000
00319nam a22001337a 4500
008
180103b xxu||||| |||| 00| 0 eng d
020
_a
9780030258091
041
_a
eng
080
_a
330.322
100
_a
51
101
_a
INV
245
_a
Investment Analysis and Portfolio Management
_c
Reilly, F.K
942
_2
udc
_c
BK
999
_c
39647
_d
39647